000 00757nam a22002055i 4500
001 171400
003 ES-MaACL
005 20230906214625.0
008 090513s1924 sp |||| | spa d
100 1 _aSófocles.
_9107023
245 1 0 _aSophocle /
_ctexte établi et traduit par Paul Masqueray.
260 _aParis :
_bSocieté d'Edition "Les Belles Lettres",
_c1924-1929.
300 _a2 v. ;
_c20 cm.
490 1 _aCollection des Universités de France
505 8 _aContiene: I: Ajax ; Antigone ; Oedipe-roi ; Electre -- II. Les trachiniennes ; Philoctéte ; Oedipe a Colone ; Les limiers
700 1 _aMasqueray, Paul.
_978775
830 0 _aCollection des Universités de France
_9180876
852 _aES-MaACL
_jC-6868-69
999 _c171400
_d171400